[Event "Sabaneta op-B 2nd"]
[Site "Sabaneta Antioquia"]
[Date "2023.07.02"]
[Round "6"]
[White "Ortiz Lopera, Miguel Angel"]
[Black "Gallego, Jonathan"]
[Result "1-0"]
[WhiteElo "1774"]
[BlackElo "1897"]
[PlyCount "133"]
[EventDate "2023.06.28"]
[EventType "swiss"]
[EventRounds "9"]
[EventCountry "COL"]
[SourceTitle "EXT 2024"]
[Source "ChessBase"]
[SourceDate "2023.10.10"]
[SourceVersion "1"]
[SourceVersionDate "2023.10.10"]
[SourceQuality "1"]

1. e4 c6 2. d4 d5 3. exd5 cxd5 4. Bd3 Nf6 5. h3 g6 6. Nf3 Bg7 7. Bf4 Nc6 8. c3 Ne4 9. Nfd2 f5 10. f3 e5 11. Bxe4 fxe4 12. dxe5 Bxe5 13. Bxe5 Nxe5 14. 0-0 Qb6+ 15. Kh1 Qxb2 16. fxe4 Qxa1 17. Qc2 Rf8 18. Rxf8+ Kxf8 19. Nb3 Qxb1+ 20. Qxb1 dxe4 21. Qxe4 Nf7 22. Nd4 a5 23. Qd5 Kg7 24. Ne6+ Bxe6 25. Qxe6 b5 26. Qc6 Rb8 27. Qc7 Re8 28. Qxa5 Re1+ 29. Kh2 Re2 30. Qxb5 Rxa2 31. c4 Rc2 32. c5 Ne5 33. Qb7+ Kf6 34. Qd5 h5 35. Kg1 h4 36. Qd8+ Ke6 37. Qb6+ Kd5 38. Qd6+ Ke4 39. Qe7 Kd5 40. Qd6+ Ke4 41. Qd8 Rxc5 42. Qxh4+ Kd5 43. Qd8+ Ke4 44. Qa8+ Kd4 45. Kf2 Nd3+ 46. Kg3 Rg5+ 47. Kh2 Rd5 48. Qa4+ Ke3 49. Qa7+ Ke4 50. Qa4+ Ke3 51. Qc6 Nf4 52. Qc3+ Ke4 53. Qf3+ Ke5 54. Qe3+ Kf5 55. g4+ Kg5 56. Qe7+ Kh6 57. h4 g5 58. Qf6+ Kh7 59. hxg5 Rd2+ 60. Kg3 Ng6 61. Qf7+ Kh8 62. Qxg6 Rg2+ 63. Kf4 Rf2+ 64. Ke5 Re2+ 65. Kd6 Rd2+ 66. Kc6 Rc2+ 67. Qxc2 1-0

[Event "Medellin Aristizabal Cup"]
[Site "Medellin"]
[Date "2019.06.24"]
[Round "6"]
[White "Gallego, Jonathan"]
[Black "Zabala, Fidel"]
[Result "0-1"]
[WhiteElo "1956"]
[BlackElo "1889"]
[PlyCount "64"]
[EventDate "2019.06.21"]
[EventType "swiss"]
[EventRounds "7"]
[EventCountry "COL"]
[SourceTitle "EXT 2020"]
[Source "ChessBase"]
[SourceDate "2019.10.17"]
[SourceVersion "1"]
[SourceVersionDate "2019.10.17"]
[SourceQuality "1"]

1. d4 Nf6 2. Nf3 b6 3. Bf4 Bb7 4. e3 d6 5. Nbd2 Nbd7 6. Bc4 e6 7. c3 Be7 8. a4 a6 9. 0-0 Nh5 10. Bg3 Nxg3 11. hxg3 0-0 12. e4 Bf6 13. Re1 e5 14. Qb3 g6 15. Rad1 Qe7 16. Bd5 c6 17. Bc4 Bg7 18. Nf1 b5 19. Bd3 Nb6 20. dxe5 dxe5 21. axb5 axb5 22. Ne3 Bc8 23. Ra1 Be6 24. Qc2 Bh6 25. Rxa8 Rxa8 26. Nxe5 Bxe3 27. Rxe3 Ra1+ 28. Kh2 Qg5 29. Nf3 Qh6+ 30. Nh4 g5 31. Be2 gxh4 32. g4 Qf4+ 0-1

[Event "Medellin Aristizabal Cup"]
[Site "Medellin"]
[Date "2019.06.22"]
[Round "3"]
[White "Olaya, Horacio"]
[Black "Gallego, Jonathan"]
[Result "0-1"]
[WhiteElo "1384"]
[BlackElo "1956"]
[PlyCount "60"]
[EventDate "2019.06.21"]
[EventType "swiss"]
[EventRounds "7"]
[EventCountry "COL"]
[SourceTitle "EXT 2020"]
[Source "ChessBase"]
[SourceDate "2019.10.17"]
[SourceVersion "1"]
[SourceVersionDate "2019.10.17"]
[SourceQuality "1"]

1. e4 c6 2. d4 d5 3. exd5 cxd5 4. Bd3 Nc6 5. Nf3 g6 6. c3 Bg7 7. Bf4 Nf6 8. h3 0-0 9. 0-0 Ne4 10. Nbd2 f5 11. c4 e6 12. cxd5 exd5 13. Nb3 Qb6 14. Bxe4 fxe4 15. Bd6 exf3 16. Bxf8 fxg2 17. Re1 Kxf8 18. Qf3+ Bf5 19. Qxd5 Rd8 20. Qxg2 Nxd4 21. Nxd4 Rxd4 22. Re2 Rh4 23. Rae1 Bf6 24. Qg3 Rxh3 25. Re8+ Kg7 26. Qb8 Qc6 27. R1e7+ Kh6 28. Qf4+ g5 29. Rxh7+ Bxh7 30. f3 gxf4 0-1

[Event "Medellin Aristizabal Cup"]
[Site "Medellin"]
[Date "2018.07.08"]
[Round "7"]
[White "Gallego, Jonathan"]
[Black "Herrera, Milena"]
[Result "1-0"]
[WhiteElo "1895"]
[BlackElo "2063"]
[PlyCount "85"]
[EventDate "2018.07.04"]
[EventType "swiss"]
[EventRounds "7"]
[EventCountry "COL"]
[SourceTitle "CBM 185 Extra"]
[Source "ChessBase"]
[SourceDate "2018.07.29"]
[SourceVersion "1"]
[SourceVersionDate "2018.07.29"]
[SourceQuality "1"]

1. e4 c5 2. Nf3 e6 3. c3 Nf6 4. d3 Nc6 5. Be2 Qc7 6. 0-0 d5 7. exd5 Nxd5 8. d4 cxd4 9. Nxd4 a6 10. Bf3 Bd6 11. g3 0-0 12. Nxc6 bxc6 13. Nd2 Nb6 14. Ne4 Be7 15. Bf4 e5 16. Be3 Nd5 17. Bc5 f5 18. Bxe7 Qxe7 19. Nd2 e4 20. Re1 Qb7 21. c4 Nf6 22. Bg2 Qxb2 23. Nb3 Be6 24. Qd6 Bxc4 25. Reb1 Qc2 26. Nd4 Qd2 27. Rd1 Qg5 28. Nxc6 Ng4 29. Qc5 Be6 30. Bxe4 Nxf2 31. Ne7+ Kh8 32. Bxa8 Nh3+ 33. Kh1 Rxa8 34. Qc6 Qxe7 35. Qxa8+ Bg8 36. Rd8 Qe6 37. Rxg8+ Qxg8 38. Qxg8+ Kxg8 39. Rb1 Nf2+ 40. Kg2 Ne4 41. Rb6 a5 42. Rb5 a4 43. Rxf5 1-0

[Event "Medellin Aristizabal Cup"]
[Site "Medellin"]
[Date "2018.07.06"]
[Round "3"]
[White "Panesso Rivera, Henry"]
[Black "Gallego, Jonathan"]
[Result "1-0"]
[WhiteElo "2389"]
[BlackElo "1895"]
[PlyCount "59"]
[EventDate "2018.07.04"]
[EventType "swiss"]
[EventRounds "7"]
[EventCountry "COL"]
[SourceTitle "CBM 185 Extra"]
[Source "ChessBase"]
[SourceDate "2018.07.29"]
[SourceVersion "1"]
[SourceVersionDate "2018.07.29"]
[SourceQuality "1"]

1. e4 e5 2. Nc3 Nf6 3. Nf3 d6 4. d4 Nbd7 5. g4 exd4 6. Nxd4 Nc5 7. g5 Nfd7 8. h4 Nb6 9. Bg2 Be7 10. f4 h6 11. Qf3 h5 12. f5 Ncd7 13. Qg3 Ne5 14. Bf4 f6 15. 0-0-0 Bd7 16. Bxe5 fxe5 17. Nf3 Bf8 18. g6 Be7 19. Ng5 Bxg5+ 20. hxg5 Qe7 21. Qg4 0-0-0 22. Rxh5 Rxh5 23. Qxh5 Bc6 24. Rf1 Rf8 25. f6 Qe8 26. fxg7 Rg8 27. Qh7 Nd7 28. Bh3 Kd8 29. Bxd7 Kxd7 30. Rf8 1-0

[Event "Medellin Construct op"]
[Site "Medellin"]
[Date "2017.01.28"]
[Round "5"]
[White "Montoya Diaz, Cesar Augusto"]
[Black "Gallego, Jonathan"]
[Result "1-0"]
[WhiteElo "2107"]
[BlackElo "1656"]
[PlyCount "55"]
[EventDate "2017.01.25"]
[EventType "swiss"]
[EventRounds "7"]
[EventCountry "COL"]
[SourceTitle "CBM 176 Extra"]
[Source "ChessBase"]
[SourceDate "2017.03.02"]
[SourceVersion "1"]
[SourceVersionDate "2017.03.02"]
[SourceQuality "1"]

1. e4 c5 2. Nf3 d6 3. Bc4 Nc6 4. c3 Nf6 5. d3 h6 6. Be3 e5 7. 0-0 Be7 8. a4 Bg4 9. h3 Bh5 10. Nbd2 0-0 11. Re1 a6 12. Nf1 Rb8 13. Ng3 b5 14. axb5 axb5 15. Bd5 Bxf3 16. Qxf3 Nxd5 17. exd5 Na5 18. Nf5 Nb3 19. Ra7 Bg5 20. Bxg5 Qxg5 21. Nxd6 f6 22. h4 Qg6 23. Nf5 Rf7 24. Ne7+ Rxe7 25. Rxe7 b4 26. d6 bxc3 27. bxc3 Rd8 28. Qd5+ 1-0

[Event "Medellin Cuartas Memorial B"]
[Site "Medellin"]
[Date "2011.08.06"]
[Round "5.14"]
[White "Zuluaga, Silvio"]
[Black "Gallego, Jonathan"]
[Result "1-0"]
[WhiteElo "1685"]
[BlackElo "1600"]
[PlyCount "28"]
[EventDate "2011.08.03"]
[EventType "swiss"]
[EventRounds "8"]
[EventCountry "COL"]
[SourceTitle "EXT 2024"]
[Source "ChessBase"]
[SourceDate "2023.10.10"]
[SourceVersion "1"]
[SourceVersionDate "2023.10.10"]
[SourceQuality "1"]

1. e4 c5 2. Nf3 d6 3. Nc3 Nf6 4. d4 cxd4 5. Nxd4 g6 6. Be2 Bg7 7. 0-0 Nc6 8. Be3 0-0 9. Qd2 a6 10. h3 Bd7 11. f4 Qc7 12. Rad1 Na5 13. f5 Rac8 14. fxg6 hxg6 1-0